[Event "SLO-chT2 East"]
[Site "Slovenia"]
[Date "2016.09.24"]
[Round "1"]
[White "Mihevc Mohr, Narcisa"]
[Black "Psenicnik, Zoran"]
[Result "1/2-1/2"]
[WhiteElo "2068"]
[BlackElo "2067"]
[PlyCount "60"]
[EventDate "2016.09.24"]
[EventType "team-tourn"]
[EventRounds "9"]
[EventCountry "SLO"]
[SourceTitle "EXT 2019"]
[Source "ChessBase"]
[SourceDate "2018.10.10"]
[SourceVersion "1"]
[SourceVersionDate "2018.10.10"]
[SourceQuality "1"]
[WhiteTeam "Maribor ZSK III"]
[BlackTeam "Dravograd"]
[WhiteTeamCountry "SLO"]
[BlackTeamCountry "SLO"]

1. e4 g6 2. d4 Bg7 3. Nf3 c5 4. Nc3 cxd4 5. Nxd4 Nc6 6. Be3 d6 7. Bc4 Nf6 8. h3 0-0 9. 0-0 Na5 10. Bb3 a6 11. Qf3 e5 12. Nde2 Nxb3 13. axb3 Be6 14. Rfd1 Rc8 15. Rac1 Ne8 16. Nd5 f5 17. Nec3 f4 18. Bb6 Qh4 19. Rd3 Rf7 20. g4 fxg3 21. Qxg3 Qxg3+ 22. Rxg3 Bh6 23. Be3 Bf4 24. Bxf4 exf4 25. Rf3 g5 26. Kh2 Ng7 27. Rg1 Bxd5 28. exd5 Rf5 29. Ne4 Rxc2 30. Nxg5 h6 1/2-1/2

[Event "SLO-chT2 East"]
[Site "Slovenia"]
[Date "2015.10.10"]
[Round "4"]
[White "Bohak, Janko"]
[Black "Psenicnik, Zoran"]
[Result "1-0"]
[WhiteElo "1971"]
[BlackElo "2125"]
[PlyCount "95"]
[EventDate "2015.09.05"]
[EventType "team-tourn"]
[EventRounds "9"]
[EventCountry "SLO"]
[SourceTitle "EXT 2019"]
[Source "ChessBase"]
[SourceDate "2018.10.10"]
[SourceVersion "1"]
[SourceVersionDate "2018.10.10"]
[SourceQuality "1"]
[WhiteTeam "Ptuj II"]
[BlackTeam "Dravograd"]
[WhiteTeamCountry "SLO"]
[BlackTeamCountry "SLO"]

1. e4 g6 2. d4 Bg7 3. Be3 c5 4. c3 cxd4 5. cxd4 Nf6 6. f3 0-0 7. Nc3 d6 8. Qd2 a6 9. Nge2 b5 10. Nf4 Bb7 11. Be2 Nc6 12. 0-0 e6 13. Rfd1 d5 14. e5 Nd7 15. Nd3 f6 16. f4 fxe5 17. fxe5 Qb6 18. Nf4 Ne7 19. Bg4 Nf5 20. Bxf5 Rxf5 21. Nce2 Rc8 22. Ng3 Rff8 23. Rac1 a5 24. h4 b4 25. Nh3 Ba6 26. h5 Rxc1 27. Rxc1 Rc8 28. Rxc8+ Bxc8 29. hxg6 hxg6 30. Qc2 Ba6 31. Qxg6 Nf8 32. Qg4 Qc7 33. Bh6 Kh8 34. Bxg7+ Qxg7 35. Qxg7+ Kxg7 36. Nf4 a4 37. a3 b3 38. Kf2 Kf7 39. Ke3 Nd7 40. Kd2 Nb6 41. Kc1 Bb5 42. Ngh5 Nc4 43. g4 Bd7 44. g5 Be8 45. Nf6 Ke7 46. g6 Bxg6 47. Nxg6+ Kf7 48. Nf4 1-0

[Event "SLO-chT2 East"]
[Site "Slovenia"]
[Date "2014.10.25"]
[Round "7"]
[White "Ivekovic, Mario"]
[Black "Psenicnik, Zoran"]
[Result "1/2-1/2"]
[WhiteElo "2217"]
[BlackElo "2101"]
[PlyCount "87"]
[EventDate "2014.09.13"]
[EventType "team-tourn"]
[EventRounds "9"]
[EventCountry "SLO"]
[SourceTitle "EXT 2019"]
[Source "ChessBase"]
[SourceDate "2018.10.10"]
[SourceVersion "1"]
[SourceVersionDate "2018.10.10"]
[SourceQuality "1"]
[WhiteTeam "Brezice"]
[BlackTeam "Dravograd"]
[WhiteTeamCountry "SLO"]
[BlackTeamCountry "SLO"]

1. g3 g6 2. Bg2 Bg7 3. e4 c5 4. Ne2 Nc6 5. c3 e5 6. d3 Nge7 7. Be3 d6 8. 0-0 0-0 9. d4 b6 10. dxc5 dxc5 11. Qxd8 Rxd8 12. Nd2 Ba6 13. Bf3 Rd6 14. Rfd1 Rad8 15. Kg2 Bd3 16. Nf1 Bxe4 17. Rxd6 Bxf3+ 18. Kxf3 Rxd6 19. Re1 f5 20. Kg2 Nd5 21. Bc1 e4 22. Nf4 Ne5 23. Nxd5 Rxd5 24. Re2 Kf7 25. Bf4 Nf3 26. h4 h5 27. Nh2 Nxh2 28. Kxh2 b5 29. Kg2 Rd3 30. Be3 Bf8 31. Rc2 Ke6 32. c4 b4 33. b3 Ke5 34. Kf1 Kd6 35. Rd2 Rxd2 36. Bxd2 Bg7 37. Bf4+ Be5 38. Ke2 Ke6 39. Ke3 Bd4+ 40. Ke2 a6 41. Ke1 Kf7 42. Ke2 Bf6 43. Ke3 Be7 44. Ke2 1/2-1/2

[Event "SLO-chT2 East"]
[Site "Slovenia"]
[Date "2014.10.11"]
[Round "4"]
[White "Psenicnik, Zoran"]
[Black "Puntigam, Silvester"]
[Result "1-0"]
[WhiteElo "2101"]
[BlackElo "1915"]
[PlyCount "157"]
[EventDate "2014.09.13"]
[EventType "team-tourn"]
[EventRounds "9"]
[EventCountry "SLO"]
[SourceTitle "EXT 2019"]
[Source "ChessBase"]
[SourceDate "2018.10.10"]
[SourceVersion "1"]
[SourceVersionDate "2018.10.10"]
[SourceQuality "1"]
[WhiteTeam "Dravograd"]
[BlackTeam "Gornja Radgona"]
[WhiteTeamCountry "SLO"]
[BlackTeamCountry "SLO"]

1. e4 c5 2. Nf3 d5 3. exd5 Qxd5 4. Nc3 Qd8 5. Bb5+ Bd7 6. 0-0 Bxb5 7. Nxb5 a6 8. Nc3 Nc6 9. d3 e6 10. Be3 Nf6 11. Ne4 Nxe4 12. dxe4 Qxd1 13. Rfxd1 f6 14. Rd2 Rd8 15. Rad1 Rxd2 16. Rxd2 Be7 17. c3 Kf7 18. Kf1 Rd8 19. Ke2 Rxd2+ 20. Nxd2 b5 21. f4 Nd8 22. Kd3 Nb7 23. b3 Ke8 24. a4 Kd7 25. axb5 axb5 26. g4 Kc6 27. c4 Na5 28. h4 bxc4+ 29. bxc4 Kd6 30. h5 Nc6 31. Nb3 Nb4+ 32. Kd2 Kc6 33. e5 fxe5 34. fxe5 Na6 35. Kd3 Nb8 36. Ke4 Nd7 37. Nc1 g6 38. Bh6 gxh5 39. gxh5 Nb6 40. Kd3 Kd7 41. Ne2 Ke8 42. Nc3 Nd7 43. Bf4 Kf7 44. Ne4 Nb6 45. Bg5 Nd7 46. Bf4 Nb6 47. Nc3 Bd8 48. Nb5 Be7 49. Nc3 Bd8 50. Ne4 Be7 51. Nd2 Bd8 52. Be3 Be7 53. Nf3 Nd7 54. Kc3 Ke8 55. Kb3 Nb6 56. Bd2 Kd7 57. Bh6 Ke8 58. Bg7 Kf7 59. Bh6 Ke8 60. Bg7 Kf7 61. Bh6 Ke8 62. Nd2 Kf7 63. Ne4 Ke8 64. Bd2 Nd7 65. Bc3 Kf7 66. Ka4 h6 67. Kb5 Bg5 68. Nxc5 Nf8 69. Kc6 Ke7 70. Ba5 Bf4 71. Bc7 Nh7 72. Bd6+ Kf7 73. Kd7 Ng5 74. Nd3 Be3 75. c5 Ne4 76. c6 Bb6 77. c7 Bxc7 78. Bxc7 Ng5 79. Nf4 1-0

[Event "SLO-chT2 East"]
[Site "Slovenia"]
[Date "2013.12.09"]
[Round "8"]
[White "Brinovec, Dusan"]
[Black "Psenicnik, Zoran"]
[Result "1/2-1/2"]
[WhiteElo "2233"]
[BlackElo "2090"]
[PlyCount "61"]
[EventDate "2013.09.07"]
[EventType "team-tourn"]
[EventRounds "9"]
[EventCountry "SLO"]
[SourceTitle "EXT 2015"]
[Source "ChessBase"]
[SourceDate "2014.11.20"]
[SourceVersion "1"]
[SourceVersionDate "2014.11.20"]
[SourceQuality "1"]

1. e4 g6 2. d4 Bg7 3. Nf3 c5 4. c3 cxd4 5. cxd4 Nf6 6. e5 Nd5 7. Bc4 Nb6 8. Bb3 d5 9. Nc3 Nc6 10. h3 h6 11. 0-0 0-0 12. a4 a5 13. Bf4 e6 14. Nb5 Nb4 15. Nd6 Nd7 16. Bd2 Nc6 17. Rc1 f5 18. exf6 Qxf6 19. Be3 Qe7 20. Nxc8 Raxc8 21. Bc2 g5 22. Qd3 Nf6 23. Bb1 Ne4 24. Nd2 Nb4 25. Qe2 Nxd2 26. Qxd2 e5 27. h4 gxh4 28. Rxc8 Rxc8 29. dxe5 Qxe5 30. Bxh6 Qxb2 31. Qg5 1/2-1/2

[Event "SLO-chT2 East"]
[Site "Slovenia"]
[Date "2013.10.26"]
[Round "5"]
[White "Psenicnik, Zoran"]
[Black "Takacs, Balazs"]
[Result "0-1"]
[WhiteElo "2090"]
[BlackElo "2354"]
[PlyCount "91"]
[EventDate "2013.09.07"]
[EventType "team-tourn"]
[EventRounds "9"]
[EventCountry "SLO"]
[SourceTitle "EXT 2015"]
[Source "ChessBase"]
[SourceDate "2014.11.20"]
[SourceVersion "1"]
[SourceVersionDate "2014.11.20"]
[SourceQuality "1"]

1. e4 c5 2. Nf3 d6 3. g3 g6 4. Bg2 Bg7 5. 0-0 Nc6 6. h3 Nf6 7. Re1 0-0 8. d3 d5 9. e5 Nd7 10. Bf4 f6 11. exf6 Bxf6 12. c3 e5 13. Bh6 Re8 14. Nbd2 Nb6 15. Nh2 Bf5 16. Ndf1 Qd7 17. Ng4 Bh8 18. Nfe3 Be6 19. Qf3 Qf7 20. Qxf7+ Kxf7 21. Re2 d4 22. Nf1 Bf5 23. Rd1 c4 24. Be4 cxd3 25. Rxd3 Bxe4 26. Rxe4 Na4 27. cxd4 exd4 28. Rf3+ Kg8 29. Rxe8+ Rxe8 30. b3 Nc3 31. a4 Nd5 32. Nd2 Re1+ 33. Kg2 Bg7 34. Bg5 Ne5 35. Nxe5 Rxe5 36. h4 h6 37. Bf4 Nxf4+ 38. gxf4 Rh5 39. Ne4 Rxh4 40. Nd6 h5 41. f5 gxf5 42. Nxb7 Kf7 43. Nd8+ Ke7 44. Nc6+ Kd6 45. Nxa7 Kd5 46. b4 0-1

[Event "SLO-chT2 Ost"]
[Site "Slovenia"]
[Date "2010.09.25"]
[Round "6"]
[White "Psenicnik, Zoran"]
[Black "Vrabic, Anita"]
[Result "0-1"]
[WhiteElo "2099"]
[BlackElo "2129"]
[PlyCount "58"]
[EventDate "2010.05.29"]
[EventType "team-tourn"]
[EventRounds "9"]
[EventCountry "SLO"]
[SourceTitle "EXT 2022"]
[Source "ChessBase"]
[SourceDate "2021.10.06"]
[SourceVersion "1"]
[SourceVersionDate "2021.10.06"]
[SourceQuality "1"]

1. e4 c5 2. Nf3 Nc6 3. Bb5 Nf6 4. Nc3 g6 5. 0-0 Bg7 6. Re1 0-0 7. h3 Nd4 8. Bf1 d6 9. Nxd4 cxd4 10. Nb5 Qb6 11. c3 dxc3 12. dxc3 a6 13. Na3 Qc6 14. Nc2 b5 15. Nd4 Qc7 16. a4 e5 17. Nc2 bxa4 18. Rxa4 Bb7 19. g3 d5 20. exd5 Nxd5 21. Bg2 Nxc3 22. bxc3 Bxg2 23. Ne3 Bc6 24. Rc4 Qd7 25. Qxd7 Bxd7 26. h4 Be6 27. Ra4 a5 28. Ba3 Rfc8 29. Ra1 Bb3 0-1

[Event "SLO-chT2 Ost"]
[Site "Slovenia"]
[Date "2010.09.25"]
[Round "5"]
[White "Schachinger, Mario"]
[Black "Psenicnik, Zoran"]
[Result "1/2-1/2"]
[WhiteElo "2350"]
[BlackElo "2099"]
[PlyCount "169"]
[EventDate "2010.05.29"]
[EventType "team-tourn"]
[EventRounds "9"]
[EventCountry "SLO"]
[SourceTitle "EXT 2022"]
[Source "ChessBase"]
[SourceDate "2021.10.06"]
[SourceVersion "1"]
[SourceVersionDate "2021.10.06"]
[SourceQuality "1"]

1. Nf3 g6 2. g3 Bg7 3. Bg2 e5 4. d3 Ne7 5. 0-0 0-0 6. c4 Nbc6 7. Nc3 b6 8. Ne1 Bb7 9. Nc2 Qc8 10. Ne3 Nd4 11. Ned5 Nxd5 12. cxd5 d6 13. Bd2 Qd7 14. Rc1 c5 15. dxc6 Bxc6 16. Bxc6 Qxc6 17. e4 Qd7 18. Be3 Ne6 19. Qb3 f5 20. Nd5 Kh8 21. f4 exf4 22. Nxf4 Nxf4 23. Bxf4 fxe4 24. dxe4 Bd4+ 25. Kg2 Be5 26. Bxe5+ dxe5 27. Qd5 Qxd5 28. exd5 Rxf1 29. Rxf1 Rd8 30. Rd1 Kg7 31. Kf3 Kf6 32. Ke4 Re8 33. Rf1+ Ke7 34. Rf2 Kd6 35. Rf6+ Ke7 36. Rc6 Rf8 37. Ke3 Rf1 38. Rc7+ Kd6 39. Rxa7 Rb1 40. b3 Rb2 41. Rxh7 Rxa2 42. Rh6 Kxd5 43. Rxg6 Rxh2 44. Rxb6 Rg2 45. Kf3 Rb2 46. g4 Rb1 47. Rb8 e4+ 48. Ke3 Re1+ 49. Kf2 Rb1 50. g5 Rb2+ 51. Ke3 Rg2 52. Rb5+ Kc6 53. Rf5 Rg4 54. b4 Kd6 55. b5 Ke6 56. Rc5 Kd6 57. Rc6+ Kd5 58. g6 Rg3+ 59. Kf2 Rg4 60. Rf6 Ke5 61. Ra6 Kd4 62. Re6 Kd5 63. Rc6 Rg5 64. Ke3 Rg4 65. Rf6 Ke5 66. Ra6 Kd5 67. Rc6 Rg3+ 68. Kf4 Rf3+ 69. Kg4 Rf1 70. Rc3 Ke6 71. Kg5 Rb1 72. Rc6+ Ke7 73. Rc5 Ke6 74. g7 Kf7 75. Kf4 Rb4 76. Rg5 Kg8 77. Ke3 Ra4 78. Kd2 Ra3 79. Kc2 e3 80. b6 e2 81. Re5 Ra6 82. b7 Rb6 83. Kd2 Rxb7 84. Kxe2 Kxg7 85. Re3 1/2-1/2

[Event "IECG QA.2002.0.00027"]
[Site "IECG email"]
[Date "2002.09.08"]
[Round "1"]
[White "Dyakov, Aleksandr"]
[Black "Psenicnik, Zoran"]
[Result "1/2-1/2"]
[WhiteElo "2168"]
[BlackElo "2100"]
[PlyCount "107"]
[EventDate "2002.09.08"]
[EventType "tourn (corr)"]
[EventRounds "6"]
[SourceTitle "Corr 2024"]
[Source "ChessBase"]
[SourceDate "2023.10.19"]
[SourceVersion "1"]
[SourceVersionDate "2023.10.19"]
[SourceQuality "1"]

1. e4 d5 2. exd5 Nf6 3. c4 c6 4. d4 cxd5 5. Nc3 Nc6 6. Bg5 Be6 7. Qd2 h6 8. Bxf6 exf6 9. c5 h5 10. g3 h4 11. Bg2 h3 12. Bf3 b6 13. cxb6 axb6 14. Nge2 g6 15. Nf4 Ra5 16. Qe3 Be7 17. 0-0 Qd7 18. a3 g5 19. Nxe6 fxe6 20. b4 Ra8 21. Rfe1 Kf7 22. Be2 f5 23. Bb5 Bf6 24. Ne2 Qd6 25. Bxc6 Qxc6 26. Rac1 Qd7 27. Rc3 Rhc8 28. Rec1 Rc4 29. Rxc4 dxc4 30. Rxc4 Qd5 31. Rc7+ Kg8 32. f3 Qa2 33. Kf2 Rxa3 34. Rc3 Ra4 35. Rc8+ Kf7 36. Rc7+ Ke8 37. Qc3 Qd5 38. Rh7 Ra2 39. Qc8+ Bd8 40. Rh8+ Ke7 41. Rh7+ Kf6 42. Rd7 Ra8 43. Rxd5 Rxc8 44. Rd7 Ra8 45. g4 Be7 46. gxf5 exf5 47. Rb7 Bd6 48. Rxb6 Ke6 49. Nc3 Kd7 50. Rb7+ Ke6 51. Rh7 Bxb4 52. Rh6+ Kd7 53. Nd5 Ra2+ 54. Kf1 1/2-1/2

[Event "IECG QA.2002.0.00027"]
[Site "IECG email"]
[Date "2002.09.08"]
[Round "1"]
[White "Psenicnik, Zoran"]
[Black "Musayev, Vagif"]
[Result "1-0"]
[WhiteElo "2100"]
[BlackElo "2150"]
[PlyCount "23"]
[EventDate "2002.09.08"]
[EventType "tourn (corr)"]
[EventRounds "6"]
[SourceTitle "Corr 2024"]
[Source "ChessBase"]
[SourceDate "2023.10.19"]
[SourceVersion "1"]
[SourceVersionDate "2023.10.19"]
[SourceQuality "1"]

1. f4 d5 2. Nf3 Nc6 3. c4 dxc4 4. e4 Bg4 5. Bxc4 Nd4 6. Qa4+ Nc6 7. Ne5 Nh6 8. Nxc6 bxc6 9. Bd5 Bd7 10. Bxc6 Rc8 11. Bxd7+ Qxd7 12. Nc3 1-0